Pokemon by Picture A-Z #1 - Statistics

General Stats
  • This quiz has been taken 95 times
    92 since last reset
  • The average score is 19 of 26
Answer Stats
Picture Hint Answer % Correct
A Absol
94%
D Ditto
91%
O Onix
85%
M Magmar
83%
V Vaporeon
83%
G Gardevoir
81%
J Jigglypuff
81%
L Lapras
81%
K Koffing
78%
U Unown
77%
I Hypno
76%
N Noivern
73%
R Rowlet
72%
B Bunnelby
71%
E Electrike
71%
Q Quagsire
69%
X Xerneas
67%
C Cherubi
65%
H Haxorus
65%
W Wobbuffet
65%
T Torkoal
64%
P Pikipek
60%
F Ferrothorn
59%
S Servine
59%
Y Yamper
55%
Z Zweilous
55%
No matching quizzes found
Score Distribution
Percent of People with Each Score
Percentile by Number Answered
Your Score History
You have not taken this quiz since the last reset